000 00859nam a2200265 a 4500
001 71662
003 BD-RjUL
005 20211209082137.0
008 170512s1970 enka b 001 0 eng u
020 _a0471626880
035 _a(BD-RjUL)
040 _aDLC
_erda
_cDLC
_dBD-RjUL
_beng
041 _aeng
082 _a541.224
_223
_bMUV 1970
100 1 0 _aMurrell, J. N.
_q(John Norman),
_9208448
245 1 0 _aValence theory /
_cJ.N. Murrell, S.F.A. Kettle, J.M. Tedder.
250 _a2nd ed.
260 _aLondon :
_bJohn wiley & sons ltd.,
_cc1970
300 _axv, 428 p. :
_bill. ;
_c24 cm.
504 _aIncludes bibliographies and index.
650 0 _aValence (Theoretical chemistry).
_9159808
700 1 _aKettle, S. F. A.
_q(Sidney Francis Alan),
_eauthor.
_9208450
700 1 _aTedder, John M.
_q(John Michael),
_eauthor.
_9204860
942 _2ddc
_cBK
999 _c71662
_d71662